[Event "POL-chT 66th"]
[Site "Katowice"]
[Date "2010.09.10"]
[Round "7"]
[White "Cyborowski, Lukasz"]
[Black "Kuczynski, Robert"]
[Result "1/2-1/2"]
[WhiteElo "2531"]
[BlackElo "2511"]
[Annotator "RR"]
[PlyCount "59"]
[EventDate "2010.09.04"]
[EventType "team-tourn"]
[EventRounds "9"]
[EventCountry "POL"]
[SourceTitle "EXT 2016"]
[Source "ChessBase"]
[SourceDate "2015.10.08"]
[SourceVersion "1"]
[SourceVersionDate "2015.10.08"]
[SourceQuality "1"]
[WhiteTeam "Dankowice"]
[BlackTeam "Wroclaw AZS WSB"]
[WhiteTeamCountry "POL"]
[BlackTeamCountry "POL"]

1. Nf3 d5 2. d4 c6 3. c4 Nf6 4. Nc3 e6 5. Bg5 h6 6. Bxf6 Qxf6 7. e3 Nd7 8. Bd3
dxc4 9. Bxc4 g6 10. O-O Bg7 11. e4 (11. Rc1) 11... e5 12. d5 Nb6 13. Bb3 Bg4
14. Rc1 (14. h3 Bxf3 15. Qxf3 Qxf3 16. gxf3 Ke7 $11 {Khalifman,A (2650)
-Akopian,V (2620) Yerevan 1996 (1) 1/2}) 14... Bxf3 (14... O-O 15. h3 Bxf3 16.
Qxf3 Qxf3 17. gxf3 Rfc8 18. dxc6 Rxc6 19. Nd5 Bf8 20. Nxb6 axb6 21. Bd5 Rxc1
22. Rxc1 Bc5 23. Kf1 Kf8 24. a3 Rb8 25. Ke2 Ke7 26. b4 Bd6 27. Rc3 f5 28. Kd3
f4 29. Kc2 Kd7 30. Kb3 b5 31. Bf7 g5 32. Bh5 Ra8 33. Bg4+ Kd8 34. Bf5 Ke7 35.
Bc8 Rb8 36. Rc1 Kd8 37. Bf5 Ra8 38. Be6 Ke7 39. Bd5 Rb8 40. Rc3 Kd8 41. Be6 Ra8
42. Bg4 Rb8 43. Rc1 Ra8 44. Be6 {Leko,P (2734)-Gelfand,B (2739) Miskolc 2010 1/
2-1/2 (78)}) (14... Rd8 $5) 15. Qxf3 Qxf3 16. gxf3 Ke7 17. dxc6 (17. Na4 Rhc8
18. dxc6 Rxc6 19. Nxb6 axb6 20. Bd5 Rxc1 21. Rxc1 Kd8 22. Bxf7 g5 23. Be6 Bf8
24. a3 Bc5 25. Kg2 Bd4 26. Rc2 Ra5 27. Rc8+ Ke7 28. Bd5 Rc5 29. Rh8 Rc2 30.
Rh7+ Kf6 31. Rxh6+ Kg7 32. Re6 Rxb2 33. Kg3 Rxf2 34. h3 Rf1 35. Kg4 Rg1+ 36.
Kf5 Rg3 37. Rg6+ Kh7 38. Bg8+ Kh8 39. Be6 Rxf3+ 40. Kxg5 Bc5 41. Bf5 Be7+ 42.
Kh5 Rxa3 43. Re6 Bc5 44. Rxe5 Kg7 45. Re6 b5 46. e5 Ra6 {Postny,E (2628)
-Andersen,M (2479) Oslo 2013 1/2-1/2}) 17... bxc6 18. Rfd1 Rhd8 19. Rxd8 Rxd8
20. Nd1 (20. Rd1) 20... Rc8 21. Rc5 h5 22. Ne3 (22. Kf1) 22... Kd6 23. Rc3 Rc7
24. Kf1 Bh6 25. Ke2 Rb7 26. Rd3+ Ke7 27. Rc3 Kd6 28. Rd3+ Ke7 29. Rc3 Kd6 30.
Rd3+ 1/2-1/2

[Event "POL-chT 66th"]
[Site "Katowice"]
[Date "2010.09.08"]
[Round "5"]
[White "Krasenkow, Michal"]
[Black "Bartel, Mateusz"]
[Result "1/2-1/2"]
[WhiteElo "2622"]
[BlackElo "2599"]
[Annotator "RR"]
[PlyCount "86"]
[EventDate "2010.09.04"]
[EventType "team-tourn"]
[EventRounds "9"]
[EventCountry "POL"]
[SourceTitle "EXT 2016"]
[Source "ChessBase"]
[SourceDate "2015.10.08"]
[SourceVersion "1"]
[SourceVersionDate "2015.10.08"]
[SourceQuality "1"]
[WhiteTeam "Gorzow Wielkopolski"]
[BlackTeam "Wroclaw Polonia"]
[WhiteTeamCountry "POL"]
[BlackTeamCountry "POL"]

1. d4 Nf6 2. c4 e6 3. Nf3 d5 4. Nc3 dxc4 5. Qa4+ c6 6. Qxc4 b5 7. Qd3 a6 8. a4
(8. e4 c5 9. e5 (9. dxc5) 9... Nd5 10. dxc5 Bxc5 11. Nxd5 exd5 12. Be2 O-O 13.
O-O Nc6 14. Bg5 Qb6 15. Qxd5 Be6 16. Qe4 Nd4 17. Nxd4 Bxd4 18. Bd3 g6 19. Qf4
Rfe8 20. Bf6 Bc5 21. Rac1 Bf8 22. h4 Bxa2 23. h5 Rac8 24. hxg6 fxg6 25. Bxg6
hxg6 26. Rxc8 Rxc8 27. Qg4 Rc7 28. Bd8 Bf7 29. e6 Be8 30. Re1 Be7 31. Bxc7 Qxc7
32. Qd4 Qc5 33. Qe4 a5 34. Qa8 Qc6 35. Qxa5 g5 36. Qd2 Bg6 37. Qd7 Qc5 {
Tregubov,P (2571)-Potkin,V (2599) Sochi 2015 1/2-1/2}) 8... Bb7 9. axb5 (9. Bg5
Nbd7 10. e3 Be7 11. Be2 O-O 12. O-O h6 13. Bxf6 Nxf6 14. Rfc1 Qb6 15. Ne5 Rac8
16. Bf3 Rfd8 17. Ne4 c5 18. axb5 axb5 19. Nxf6+ Bxf6 20. Bxb7 Qxb7 21. Nf3 cxd4
22. exd4 Qd5 23. h3 Rxc1+ 24. Rxc1 b4 25. Rc4 e5 26. Qc2 exd4 27. Qd3 Qd6 28.
b3 g6 29. g3 Kg7 30. Kg2 Rd7 31. h4 Rb7 32. Rc2 Qd5 33. Rc4 g5 34. hxg5 hxg5
35. g4 Re7 36. Kg3 Re4 37. Nd2 Be5+ 38. Kh3 Re3+ {Matsenko,S (2485)-Potkin,V 
(2610) St Petersburg 2014 0-1}) 9... cxb5 10. Bg5 Nc6 11. e3 Be7 12. Be2 (12.
Rc1 $5 Rc8 13. Be2 O-O 14. O-O Nb4 15. Qb1 {Et la Q Blanche est un peu mieux
placée qu'en d2}) 12... Rc8 13. O-O Nb4 14. Qd2 Nbd5 15. Nxd5 Qxd5 16. Bxf6
gxf6 (16... Bxf6 17. Ne1 {[%cal Ge2f3]}) 17. Ne1 e5 18. Bf3 e4 19. Bg4 f5 20.
Bh3 Rd8 (20... Rc7 21. Rc1) 21. Qe2 f4 $132 22. Qg4 Qg5 23. Qxg5 Bxg5 24. Nc2
O-O (24... Ke7 $5 {[%cal Gh8e8,Gh8g8] Le Ke7 ne craint pas grand chose puisque
les Blancs n'ont plus de B de cases Noires.}) 25. g3 fxe3 26. fxe3 b4 (26...
Rd6 {[%cal Gd6c6]}) 27. Ra5 h6 28. Kf2 Rd6 29. Ke2 Bc6 30. Rff5 Bd7 31. Rxg5+
$5 hxg5 32. Bxd7 Rxd7 33. Rxg5+ {[%csl Gh2] Les Blancs ont des bonnes
compensations mais les R Noires peuvent s'activer rapidement sur la colonne "c"
} Kh7 34. Re5 f5 {[%csl Re6,Rf5]} (34... Rc8 35. Ne1 a5 36. Rxa5) 35. Kd2 Rc8
36. b3 Rdc7 37. Nxb4 Rb7 (37... a5 38. Rxa5 Rb7) 38. Nxa6 Rxb3 39. Nc5 Rb2+ 40.
Kc3 Rxh2 41. Rxf5 Re2 42. Re5 Rxe3+ 43. Kb4 Rxg3 1/2-1/2

[Event "Norway Chess 3rd"]
[Site "Stavanger"]
[Date "2015.06.23"]
[Round "7"]
[White "Vachier Lagrave, Maxime"]
[Black "Carlsen, Magnus"]
[Result "1/2-1/2"]
[WhiteElo "2723"]
[BlackElo "2876"]
[Annotator "Ramirez Alvarez,A"]
[PlyCount "34"]
[EventDate "2015.06.16"]
[EventType "tourn"]
[EventRounds "9"]
[EventCountry "NOR"]
[EventCategory "22"]
[SourceTitle "CBM 167"]
[Source "ChessBase"]
[SourceDate "2015.07.13"]
[SourceVersion "1"]
[SourceVersionDate "2015.07.13"]
[SourceQuality "1"]

1. d4 Nf6 2. c4 e6 3. Nf3 d5 4. Nc3 c6 5. Bg5 h6 6. Bh4 g5 7. Bg3 Ne4 $6 {
This move simply cannot be good, but it is clear that Carlsen had at least
looked at the situation. MVL thought for a few minutes and decided to go for
the sacrificial route.} 8. Nxe4 (8. Nd2 Nxg3 9. hxg3 Bg7 10. e3 a6 {was a
blitz game between Grischuk-Kramnik from 2008. White obtained the better
position and won the game.}) (8. e3 {might be the simple move and the true
refutation of Black's intentions. He might have to start attacking with Bb4,
but it should be insufficient} Bb4 9. Qb3 Qa5 10. Rc1 Nd7 11. Bd3 $14) 8...
dxe4 9. Nd2 Qxd4 10. e3 {This is the point. The threat on the queen and on the
e4 pawn is strong, so Black must keep munching pawns to stay in the game.} Qxb2
11. Rb1 Qc3 $1 {The only move} 12. Be2 Nd7 (12... Bb4 13. Rxb4 Qxb4 14. O-O {
is already extremely dangerous for Black. For example:} f5 $2 15. Nxe4 $1 fxe4
16. Bh5+ Ke7 17. Qd4 {with a decisive advantage: the attack is too strong.})
13. O-O Nc5 {Incredibly Black is holding. There are still many interesting
possibilities in this position, but the situation is very unclear. Carlsen had
blitzed up to this point and it was clear that he had seen this position in
his analysis, so MVL took the practical decision to force the draw.} 14. Nb3
Nd3 (14... Be7 15. Nxc5 Bxc5 16. Bd6 {looks uncomfortable for Black.}) 15. Nd2
Nc5 {Black must defend the e4 pawn.} 16. Nb3 Nd3 17. Nd2 (17. f3 $5 {would
have been a completely different story.}) 17... Nc5 1/2-1/2

[Event "Bazna Kings 4th"]
[Site "Medias"]
[Date "2010.06.16"]
[Round "3"]
[White "Carlsen, Magnus"]
[Black "Gelfand, Boris"]
[Result "1/2-1/2"]
[WhiteElo "2813"]
[BlackElo "2741"]
[Annotator "Rogozenco,D"]
[PlyCount "80"]
[EventDate "2010.06.14"]
[EventType "tourn"]
[EventRounds "10"]
[EventCountry "ROU"]
[EventCategory "20"]
[SourceTitle "CBM 137"]
[Source "ChessBase"]
[SourceDate "2010.07.15"]
[SourceVersion "1"]
[SourceVersionDate "2010.07.15"]
[SourceQuality "1"]

1. d4 d5 2. c4 c6 3. Nf3 Nf6 4. Nc3 e6 5. Bg5 h6 6. Bxf6 (6. Bh4 {leads to the
very sharp Moscow Variation, where these days the home preparation and good
memory are much more important than anything else. Carlsen's move is more
quiet, leading to a strategical battle.}) 6... Qxf6 7. e3 Nd7 8. Bd3 dxc4 9.
Bxc4 Bd6 ({A much more popular continuation is} 9... g6 {- a move which
Gelfand played many times before.}) 10. Ne4 ({In case of} 10. O-O {with the
idea 11.Ne4 Black plays} Qe7) 10... Bb4+ 11. Nfd2 Qe7 12. O-O O-O {Black has
the bishop pair, but he still must complete development and find good squares
for his bishops. The position is typical for the Moscow Variation, where in
order to fight for advantage White must try to make use of his lead in
development. But this is a difficult task, since Black is very solid and has
no weaknesses.} 13. f4 $5 {Like in the first round, Carlsen shows aggression
by advancing the f-pawn. On the other hand in the present situation f2-f4 is
mainly designed to prevent e6-e5.} c5 $1 {Rightly starting to open the files
as soon as possible.} 14. Nf3 ({After} 14. a3 {Black equalizes with} Bxd2 15.
Qxd2 Rd8 16. Rad1 Nb6) 14... Nb6 15. Bb3 cxd4 ({Much more logical than} 15...
c4 {which is suggested by computer engines. With the bishop pair Black should
aim for opening of the position.}) 16. Nxd4 Bd7 17. Qh5 {Aggressive, but as
mentioned before Black is very solid and a direct attack can hardly succeed
against a good defence.} ({Some chances to get an opening advantage remained
after} 17. a3 Bc5 18. Nxc5 Qxc5 19. Rc1 Qd6 20. Qf3) 17... Rac8 $1 {Gelfand's
moves are very accurate and destroy White's attacking dreams.} 18. Rf3 Nc4 $1
19. Rg3 Kh8 {A cool answer, showing that White gets nowhere with his attacking
intentions.} 20. Rf1 {Clearly overestimating White's position.} ({Also after} 
20. a3 Bc5 {it is Black who fights for advantage.}) 20... Nd6 $1 {Again the
best move, at least from the practical point of view.} (20... Nxb2 {is a kind
of move White was hoping for. Even if there is no refutation, White gets time
to try developing his attack.}) 21. Nxd6 Bxd6 22. Nf3 Rc5 $1 23. Rg5 (23. Qg4 {
is answered with} f5 24. Qg6 Rf6 25. Qh5 Be8 {with advantage for Black.}) 23...
Rfc8 24. Rxc5 Rxc5 25. Qh4 Qxh4 26. Nxh4 {Something went clearly wrong for
White. Thanks to his bishop pair Black has an obvious advantage in endgame.}
Be7 27. Nf3 a5 28. Rd1 Be8 29. Nd4 a4 30. Bc2 g6 31. Kf2 e5 {A tempting move.}
({However, as a possible improvement Gelfand suggested to bring first his king
with} 31... Kg7) 32. fxe5 Rxe5 33. Rd3 Rc5 34. Rc3 Rxc3 35. bxc3 {Gelfand:
"With my king in the center Black would have been winning". The problem for
Black is that he cannot prevent White from playing Be4 and attack immediately
opponent's pawn weaknesses on the queenside.} Kg7 (35... f5 36. e4 {also
allows White to escape.}) (35... Bd7 36. Be4 Bc8 37. Bc2 a3 38. Kf3 {doesn't
look particularly attractive for Black wither. The white king comes first to
the center via e4 and d5.}) 36. Be4 f5 37. Bxb7 Bf7 38. a3 $1 {This important
resource allows White to achieve the draw.} Bxa3 39. Bc6 Bb2 (39... Bb3 40.
Nxb3 axb3 41. Ba4 b2 42. Bc2 $11) 40. Bxa4 Bxc3 1/2-1/2